01622nab a22002417a 4500999001500000003000400015005001700019008004100036040000700077100004000084245008800124260004200212300001200254500003700266505072900303505008901032650002601121650003101147650003401178650003201212773012301244942001301367 c6394d6394OSt20260201173820.0190506c xxu||||| |||| 00| 0 spa d cPJ 97033aLavignolle, Analía Soledad 10aComisiones médicas y acceso a la justica laboral /cAnalía Soledad Lavignolle.  aBuenos Aires :bAbeledoPerrot,c2023. ap. 3-10 aCita: TR LALEY AR/DOC/2205/2023  aSumario: I. Introducción.— II. El acceso a la justicia por agotamiento de la instancia administrativa: rechazo.— III. Acceso a la justicia por la vía recursiva.— IV. Sistema de homologación.— V. El silencio administrativo.— VI. Acto definitivo de la Comisión Médica Central.— VII. Acceso a la justicia: el art. 2° inc. j) de la ley 15.057. Ley provincial.— VIII. La declaración de inconstitucionalidad de la ley 27.348: arts. 1° y 2°.— IX. El fallo "Marchetti, Jorge Gabriel c. Fiscalía de Estado de la Provincia de Buenos Aires".— X. El trabajador no registrado.— XI. La constitucionalidad de las resoluciones de las comisiones médicas.— XII. Conclusión.— XIII. Bibliografía.  t¿Te interesa el texto completo? Comunicate al correo: koha@justierradelfuego.gov.ar 091316aDERECHO LABORAL 094942aCOMISIONES MÉDICAS 091570aDERECHOS DEL TRABAJADOR 091417aACCIDENTES DE TRABAJO0 0275193202dBuenos Aires : AbeledoPerrot, 2013-tRevista de derecho laboral y seguridad social. Nº 20 - Octubre 2023 2udccANA